000 00288nam a22001337a 4500
008 170214b xxu||||| |||| 00| 0 eng d
020 _a9781435427518
041 _aeng
080 _23ED
_a61
100 _a4 ED
101 _aSHM
245 _aHUMAN DISEASES
_cNEIGHBORS
942 _2udc
_cBK
999 _c5464
_d5464